000
00278nam a2200121Ia 4500
008
190216s9999||||xx |||||||||||||| ||und||
100
_a
David Green
245
4
_a
The Singing Leaves
260
_b
Orient Longman
_c
1976
300
_a
109
650
_a
English Poetry
942
_c
BK
999
_c
12611
_d
12611